THE IMMUNE SYSTEM. (Record no. 217059)

MARC details
000 -LEADER
fixed length control field 00502nam a22001817a 4500
008 - FIXED-LENGTH DATA ELEMENTS--GENERAL INFORMATION
fixed length control field 260428b |||||||| |||| 00| 0 eng d
020 ## - INTERNATIONAL STANDARD BOOK NUMBER
International Standard Book Number 978-0-8153-4527-5
050 ## - LIBRARY OF CONGRESS CALL NUMBER
Classification number QR 181 .P37 2015
100 ## - MAIN ENTRY--PERSONAL NAME
Personal name PARHAM, PETER.
245 ## - TITLE STATEMENT
Title THE IMMUNE SYSTEM.
250 ## - EDITION STATEMENT
Edition statement 4TH
260 ## - PUBLICATION, DISTRIBUTION, ETC.
Place of publication, distribution, etc. NEW YORK,
Name of publisher, distributor, etc. GARLAND SCIENCE. TAYLOR AND FRANCIS GROUP.
300 ## - PHYSICAL DESCRIPTION
Extent XXI, 532 P . ILL
500 ## - GENERAL NOTE
General note INCLUDES INDEX
650 ## - SUBJECT ADDED ENTRY
Topical term or geographic name entry element IMMUNE SYSTEM. 2. IMMUNOPATHOLOGY.
942 ## - ADDED ENTRY ELEMENTS (KOHA)
Source of classification or shelving scheme Library of Congress Classification
Koha item type Long Loan Book
Holdings
Withdrawn status Lost status Source of classification or shelving scheme Damaged status Not for loan Collection Home library Current library Shelving location Date acquired Inventory number Total checkouts Full call number Barcode Date last seen Copy number Price effective from Koha item type
    Library of Congress Classification     Medicine Kisii University Library Kisii University Library On Display 04/28/2026 113257   QR 181 .P37 2015 A001665 04/28/2026 1 04/28/2026 Long Loan Book